Life and thought in the Greek and Roman world /

محفوظ في:

المؤلف الرئيسي: Cary, M., 1881-1958 (مؤلف)

مؤلفون آخرون: Haarhoff, T. J., 1892-1971.

التنسيق: كتاب

اللغة: English

منشور في: London : Methuen & co. ltd, [1940].

الموضوعات:

الوسوم: إضافة وسم

لا توجد وسوم, كن أول من يضع وسما على هذه التسجيلة!

رقم الطلب: DE71 .C27 1940

LEADER 00812nam a2200241I 4500
001 6293
003 OSt
005 20251217131705.0
008 130303s1940 enkabf 000 0 eng d
010 |a a 41003107 
035 |a ocm02642756 
040 |c ARCE Library 
050 4 |a DE71 .C27 1940 
100 1 |a Cary, M.,   |q (Max),   |d 1881-1958,   |e author 
245 1 0 |a Life and thought in the Greek and Roman world /  |c by M. Cary, T.J. Haarhoff. 12 plates and 4 maps in the text. 
264 1 |a London :  |b Methuen & co. ltd,  |c [1940]. 
300 |a x pages, 355 pages, 12 plates :  |b illustrations, (maps) ;  |c 19 cm. 
500 |a "First published in 1940" 
650 0 |a Civilization, Greco-Roman. 
700 1 |a Haarhoff, T. J.,   |q (Theodore Johannes),   |d 1892-1971.  |9 31277 
901 |a reviewed 
942 |c BK  |2 lcc 
999 |c 4948  |d 4948